Online
Catalog

Oscura noticia ; Hombre y Dios / (Record no. 19153)

MARC details
000 -CABECERA
campo de control de longitud fija 00693nam a22002411p 4500
001 - NÚMERO DE CONTROL
campo de control 000019637
005 - FECHA Y HORA DE LA ÚLTIMA TRANSACCIÓN
campo de control 20200929170102.0
008 - DATOS DE LONGITUD FIJA--INFORMACIÓN GENERAL
campo de control de longitud fija 781129s1971 sp 000 0 spa
010 ## - NÚMERO DE CONTROL DE LA BIBLIOTECA DEL CONGRESO
Número de control de LC 75544088
015 ## - NÚMERO DE BIBLIOGRAFÍA NACIONAL
Número de bibliografía nacional Sp71
020 ## - NÚMERO INTERNACIONAL ESTÁNDAR DEL LIBRO
Condiciones de disponibilidad 30ptas
040 ## - FUENTE DE LA CATALOGACIÓN
Centro catalogador/agencia de origen DO-SdBNP
Centro/agencia transcriptor DLC
Centro/agencia modificador DLC
050 00 - SIGNATURA TOPOGRÁFICA DE LA BIBLIOTECA DEL CONGRESO
Número de clasificación PQ6601.L53
Número de documento/Ítem O8 1971
100 1# - ENTRADA PRINCIPAL--NOMBRE DE PERSONA
Nombre de persona Alonso, Damaso,
Fechas asociadas al nombre 1898-
9 (RLIN) 42085
245 10 - MENCIÓN DE TÍTULO
Título Oscura noticia ; Hombre y Dios /
Mención de responsabilidad, etc. Damaso Alonso.
250 ## - MENCIÓN DE EDICIÓN
Mención de edición 2. ed.
260 ## - PUBLICACIÓN, DISTRIBUCIÓN, ETC.
Lugar de publicación, distribución, etc. Madrid :
Nombre del editor, distribuidor, etc. Espasa-Calpe,
Fecha de publicación, distribución, etc. 1971.
300 ## - DESCRIPCIÓN FÍSICA
Extensión 153 p. ;
Dimensiones 13 cm.
490 0# - MENCIÓN DE SERIE
Mención de serie Coleccion austral ; no. 1290
500 ## - NOTA GENERAL
Nota general Poems.
700 12 - PUNTO DE ACCESO ADICIONAL--NOMBRE DE PERSONA
Nombre de persona Alonso, Damaso,
Fechas asociadas al nombre 1898-
Título de la obra Hombre y Dios. 1971.
9 (RLIN) 42086
910 ## - DATOS DE OPCIÓN DEL USUARIO (OCLC)
Datos de opción del usuario Catalogación derivada / LC
Holdings
Estado de retiro Estado de pérdida Restricciones de uso No para préstamo Código de colección Localización permanente Ubicación/localización actual Ubicación en estantería Fecha de adquisición Número de inventario Total de préstamos Signatura topográfica completa Código de barras Fecha visto por última vez Precio válido a partir de Tipo de ítem Koha
      Excluido de préstamo Monografías: Libros y Folletos General General En catalogación 01.07.2010 LF1   19637-10 25.06.2020 25.06.2020 No se presta

Powered by Koha